Statistics for Baskin-Robbins 31 flavors typing test!

Click here to take the quiz!

General Stats

  • This quiz has been taken 6 times
  • The average score is 34 of 43

Answer Stats

HintAnswer% Correct
strawberry streuselstrawberry streusel
100%
baseball nutbaseball nut
80%
caramel macchiatocaramel macchiato
80%
caramel turtle trufflecaramel turtle truffle
80%
cherries jubileecherries jubilee
80%
chocolatechocolate
80%
chocolate almondchocolate almond
80%
chocolate chipchocolate chip
80%
chocolate chip cookie doughchocolate chip cookie dough
80%
chocolate fudgechocolate fudge
80%
chocolate pralineschocolate pralines
80%
cotton candycotton candy
80%
daiquiri icedaiquiri ice
80%
gold medal ribbongold medal ribbon
80%
icing on the cakeicing on the cake
80%
jamocajamoca
80%
jamoca almond fudgejamoca almond fudge
80%
mint chocolate chipmint chocolate chip
80%
moms makin cookiesmoms makin cookies
80%
non dairy chocolate chip cookie doughnon dairy chocolate chip cookie dough
80%
nutty coconutnutty coconut
80%
old fashioned butter pecanold fashioned butter pecan
80%
orange sherbetorange sherbet
80%
oreo cookies n creamoreo cookies n cream
80%
oreo n cold breworeo n cold brew
80%
peanut butter n chocolatepeanut butter n chocolate
80%
pineapple coconutpineapple coconut
80%
pink bubblegumpink bubblegum
80%
pistachio almondpistachio almond
80%
pralines n creampralines n cream
80%
quarterback crunchquarterback crunch
80%
rainbow sherbetrainbow sherbet
80%
reeses peanut butter cupreeses peanut butter cup
80%
rocky roadrocky road
80%
snickers barssnickers bars
80%
triple mangotriple mango
80%
vanillavanilla
80%
vanilla frozen yogurtvanilla frozen yogurt
80%
very berry strawberryvery berry strawberry
80%
watermelon swirl sorbetwatermelon swirl sorbet
80%
wild n reckless sherbetwild n reckless sherbet
80%
world class chocolateworld class chocolate
80%
strawberry cheesecakestrawberry cheescake
0%

Score Distribution

Percentile by Number Answered

Percent of People with Each Score

Your Score History

You have not taken this quiz